00671nam a2200181 a 4500003000200000005001700002008004100019050003000060100002500090245008000115260009300195300004000288504004200328650003200370650002400402650003700426650002600463020250225093856.0111115s19uu xx 00 eng d aPGS LB 1065b.P771 2011  aPollard, Kimberly D. aExtra-curriculum involvement and student motivation /cKimberly D. Pollard. aLas Piñas City, Philippines : bSouthville International School and Colleges, c2011. a22 pages :billustrations ;c28 cm. aIncludes bibliographical references.  aExtracurricular activities. aStudent motivation. aMotivationvEducational aspects. aStudents, elementary.